000 00293nam a22001217a 4500
008 170628b xxu||||| |||| 00| 0 eng d
041 _aeng
080 _a94
100 _a16
101 _aSHH
245 _aANARCHISM A HISTORY OF LIBERTARIAN IDEAS AND MOVEMENTS
_cWOODCOCK,G
942 _2udc
_cBK
999 _c19358
_d19358